000 01174cab a2200181 4500
001 L130342
008 050718n2005 000 0 eng u
035 _a(Sirsi) u130342
041 _aeng
100 _aCreffield, Paul
245 _aHIPs: step by step
260 _c2005
490 _aEstate Agency News
_v(213) July 2005, 14-15(2)
520 _aExplains what a Home Information Pack (HIP) is likely to contain and looks in particular at the Home Condition Report (HCR). The HCR, which will be similar to the RICS Homebuyer Survey and Valuation service with two fundamental differences: the report will not include a valuation but will contain an energy report on the property based upon the Standard Assessment Procedure and Home Inspectors (HI) will have to have the specific qualification and register under a mandatory scheme. Discusses what needs to be put in place in the run-up to full implementation in January 2007. Sets out Rightmove's nine step procedure for obtaining the information and creating a HIP.
590 _aIKA190705
690 _aPROPERTY-RESIDENTIAL PROPERTY-ACQUISITION AND DISPOSAL OF RESIDENTIAL PROPERTY-HOME BUYING REFORM
942 _n0
999 _c75568
_d75568